|
|
|
|
| LEADER |
01048nam a2200349 4500 |
| 001 |
DLU110122497 |
| 005 |
##20110613 |
| 020 |
# |
# |
|a 9786045500477
|
| 040 |
# |
# |
|a DLU
|b vie
|
| 041 |
# |
# |
|a vie
|
| 044 |
# |
# |
|a vn
|
| 082 |
# |
# |
|a 920.059 731
|b Dan
|
| 245 |
# |
# |
|a Danh nhân Thăng Long - Hà Nội /
|c Vũ Khiêu, Tạ Ngọc Liễn, Nguyễn Hữu Sơn tuyển chọn và giới thiệu.
|
| 260 |
# |
# |
|a H. :
|b Nxb. Hà nội,
|c 2010.
|
| 300 |
# |
# |
|a 1008 tr. ;
|c 24 cm.
|
| 490 |
# |
# |
|a Tủ sách Thăng Long 1000 năm.
|
| 653 |
# |
# |
|a Danh nhân
|
| 653 |
# |
# |
|a Hà Nội (Việt Nam)
|
| 700 |
# |
# |
|a Nguyễn Hữu Sơn,
|c PGS.TS,
|e tuyển chọn và giới thiệu.
|
| 700 |
# |
# |
|a Tạ Ngọc Liễn,
|c PGS.TS,
|e tuyển chọn và giới thiệu.
|
| 700 |
# |
# |
|a Vũ Khiêu,
|c GS,
|e tuyển chọn và giới thiệu.
|
| 923 |
# |
# |
|a 06/2011
|
| 991 |
# |
# |
|a SH
|
| 992 |
# |
# |
|a 50250
|
| 994 |
# |
# |
|a DLU
|
| 900 |
# |
# |
|a True
|
| 911 |
# |
# |
|a Đào Thị Thu Huyền
|
| 925 |
# |
# |
|a G
|
| 926 |
# |
# |
|a A
|
| 927 |
# |
# |
|a SH
|
| 980 |
# |
# |
|a Thư viện Trường Đại học Đà Lạt
|